[Event "FRA-ch op-D"]
[Site "Nancy"]
[Date "2013.08.13"]
[Round "2"]
[White "Henri, Jacqueline"]
[Black "Blondel, Francis"]
[Result "0-1"]
[WhiteElo "1398"]
[BlackElo "1489"]
[PlyCount "104"]
[EventDate "2013.08.11"]
[EventType "swiss"]
[EventRounds "11"]
[EventCountry "FRA"]
[SourceTitle "CBM 156 Extra"]
[Source "ChessBase"]
[SourceDate "2013.10.22"]
[SourceVersion "1"]
[SourceVersionDate "2013.10.22"]
[SourceQuality "1"]

1. e4 c5 2. Nf3 e6 3. d4 cxd4 4. Nxd4 a6 5. Be2 Bc5 6. 0-0 Qc7 7. Nf3 Nc6 8. Nc3 b5 9. a3 Ne5 10. g3 Nf6 11. Bf4 Bd6 12. Nxe5 Bxe5 13. Bxe5 Qxe5 14. Bf3 0-0 15. Re1 Bb7 16. Qe2 d5 17. exd5 Qxe2 18. Rxe2 Rfe8 19. Bg2 exd5 20. Rxe8+ Rxe8 21. Kf1 Ne4 22. Nxe4 dxe4 23. Re1 f5 24. Bh3 g6 25. Bg2 Rd8 26. Ke2 Rc8 27. c3 Bd5 28. Ke3 Bc4 29. Rd1 Bd3 30. Bf1 Bxf1 31. Rxf1 Rd8 32. Ke2 Kf7 33. Rd1 Rxd1 34. Kxd1 Ke6 35. Kd2 Ke5 36. b3 g5 37. c4 bxc4 38. bxc4 Kd4 39. c5 Kxc5 40. Kc3 h5 41. h3 Kd5 42. a4 f4 43. gxf4 gxf4 44. a5 h4 45. Kd2 Kd4 46. Ke2 Kc4 47. Kd2 Kd4 48. Ke2 Kc3 49. f3 e3 50. Kd1 Kd3 51. Ke1 e2 52. Kf2 Kd2 0-1